مكتبة جامعة عجلون الوطنية

فهرس بحث المكتبة

Normal view MARC view
  • القيادة-جوانب اخلاقية

Entry Topical Term

Number of records used in: 1

001 - CONTROL NUMBER

  • control field: 63546

003 - CONTROL NUMBER IDENTIFIER

  • control field: JO-AjAnu

005 - DATE AND TIME OF LATEST TRANSACTION

  • control field: 20230606084354.0

008 - FIXED-LENGTH DATA ELEMENTS

  • fixed length control field: 230606|| aca||aabn | a|a d

040 ## - CATALOGING SOURCE

  • Original cataloging agency: JO-AjAnu
  • Transcribing agency: JO-AjAnu

150 ## - HEADING--TOPICAL TERM

  • Topical term or geographic name entry element: القيادة-جوانب اخلاقية

670 ## - SOURCE DATA FOUND

  • Source citation: Work cat.: (JO-AjAnu)32399: اعداد القضاة، هيا محمد حسن؛ اشراف محمود علي الروسان, author 63545, تأثير القيادة الاخلاقية على تحسين اداء العاملين في البنوك التجارية الاردنية،المناخ التنظيمي متغير متوسط=The Effect of Ethical Leadership on Improving Employees' performance at Jordanian Commercial Banks,Organizational Cilmate as Mediating Variable